Diseño y desarrollo curricular /

Guardado en:
Autor Principal: Zabalza, Miguel A.
Formato: Libro
Publicado: Madrid : Narcea, 1997
Edición:7a. ed.
Materias:
Etiquetas: Agregar Etiqueta
Sin Etiquetas, Sea el primero en etiquetar este registro!
LEADER 00617nam a22002175a 4500
001 EHU.bham021920
003 AR-BHAM
005 20101105124249.0
008 130507s1997##################000#0#####d
082 3 7 |a 379.15 
100 1 |a Zabalza, Miguel A. 
245 1 0 |a Diseño y desarrollo curricular /  |c Miguel A. Zabalza 
250 |a 7a. ed. 
260 |a Madrid :  |b Narcea,  |c 1997 
300 |a 311 p. 
653 |a Curriculum 
653 |a EnseÑanza-teoria 
653 |a Educacion-teoria 
653 |a Educacion 
653 |a Educacion publica-organizacion 
859 |a AR-BHAM  |b BIB. HUMANIDADES - General  |h 379.15  |i Z11A7  |p 128.98  |t Ej.1